Vogler - Statistiques

Statistiques générales
  • Ce quiz a été pris 150 fois
  • Le résultat moyen est 24 sur 34
Réponses sur la Carte
Les réponses sont colorées sur une échelle allant du rouge au vert en fonction du pourcentage des utilisateurs qui les ont devinées à leur premier essai. Vous pouvez retrouver ces pourcentages ci-dessous.
 
Statistiques - réponses
Réponse % Correct
Russie
100%
Inde
97%
Algérie
90%
chine
90%
Monténégro
90%
Pakistan
90%
Iran
87%
Laos
87%
Maroc
87%
Vietnam
87%
Bangladesh
84%
Eswatini
84%
Thaïlande
84%
Kazakhstan
81%
Kenya
74%
Nigeria
71%
Oman
65%
Soudan
65%
Arabie Saoudite
61%
Cambodge
61%
Djibouti
61%
Zambie
61%
Afghanistan
58%
Angola
58%
Irak
58%
Ouzbékistan
58%
Qatar
58%
Tadjikistan
55%
Bahreïn
52%
Kirghizistan
52%
Yémen
52%
emirats arabes unis
48%
Turkménistan
48%
Koweït
35%
Aucun quiz correspondant
Distribution des résultats
% des personnes avec chaque résultat
Percentile par nombre de réponses
Votre historique - résultats
Vous n’avez pas pris ce quiz